Invariant manifolds and fibrations for perturbed nonlinear Schrödinger equations /

Guardado en:
Autor Principal: Li, Charles, 1965-
Otros Autores: Wiggins, Stephen.
Formato: Libro
Idioma:English
Publicado: New York : Springer, c1997.
Series:Applied mathematical sciences (Springer-Verlag New York Inc.) ; v. 128.
Etiquetas: Agregar Etiqueta
Sin Etiquetas, Sea el primero en etiquetar este registro!
LEADER 01065nam a22002415a 4500
001 MAT.inmabb000092
008 970416s1997####nyua#####b####001#0#eng##
005 20160229143058.0
245 1 0 |a Invariant manifolds and fibrations for perturbed nonlinear Schrödinger equations /  |c Charles Li, Stephen Wiggins. 
260 |a New York :  |b Springer,  |c c1997. 
300 |a viii, 170 p. ;  |c 25 cm. 
490 1 |a Applied mathematical sciences ;  |v 128 
504 |a Incluye referencias bibliográficas (p. [161]-167) e índice. 
505 0 |a 1. Introduction -- 2. The perturbed nonlinear Schrödinger equation -- 3. Persistent invariant manifolds -- 4. Fibrations of the persistent invariant manifolds. 
510 4 |a MR,  |c 99e:58165 
020 |a 0387949259 
100 1 |a Li, Charles,  |d 1965- 
700 1 |a Wiggins, Stephen. 
830 0 |a Applied mathematical sciences (Springer-Verlag New York Inc.) ;  |v v. 128. 
084 |a 58F39 (35B20 35Q55 58F30)  |2 MR  |9 2000 
010 |a  97015251  
859 |h 37  |i L693  |p A-7688  |b BIB. MATEMATICA 
859 |h 37  |i L693  |p A-7793  |t Ej. 2  |b BIB. MATEMATICA